Szczegóły MARC21

Nasza matematyka : zabawy i gry dydaktyczne /

003 -Nazwa inst., której nr kontr. jest w polu 001 [,]
    • @
    • Nazwa instytucji, której n kontrolny jest w polu 001
    • NUKAT
005 -DATA I CZAS OSTATNIEJ MODYFIKACJI [,]
    • @
    • pole kontrolne
    • 20241231105036.0
020 -Międzynarod. znormalizowany nr książki - ISBN [ , ]
    • a
    • Numer ISBN
    • 8370660088 Find
040 -Instytucja sporządzająca opis [ , ]
    • a
    • Instytucja, która sporządziła opis (NP)
    • WA U/92DM
    • c
    • Instytucja, która sporządziła rekord (NP)
    • WA U/92DM
    • d
    • Instytucja, która zmodyfikowała rekord (P)
    • WA U/92KP
    • d
    • Instytucja, która zmodyfikowała rekord (P)
    • KIEL 010/EP
    • d
    • Instytucja, która zmodyfikowała rekord (P)
    • KAT U/AM
942 -Rodzaj dokumentu [ , ]
    • c
    • Rodzaj dokumentu
    • Książka
100 -Hasło główne - nazwa osobowa [1, ]
    • a
    • Nazwa osobowa (NP)
    • Moroz, Henryk
    • d
    • Daty biograficzne (NP)
    • (1924-2020).
    • 9
    • KHW
    • 19720
245 -Strefa tytułu i oznaczenia odpowiedzialności [1,0]
    • a
    • Tytuł
    • Nasza matematyka : Find
    • b
    • Ciąg dalszy tytułu (NP)
    • zabawy i gry dydaktyczne / Find
    • c
    • Pozostałe elementy strefy tytułu i oznaczenia odpowiedzialności (NP)
    • Henryk Moroz.
260 -Strefa adresu wydawniczego [ , ]
    • a
    • Miejsce wydania (P)
    • Warszawa :
    • b
    • Nazwa wydawcy (P)
    • Polska Oficyna Wydawnicza "BGW",
    • c
    • Data wydania (P)
    • 1991.
300 -Strefa opisu fizycznego [ , ]
    • a
    • Określenie formy książki i/lub objętość (NP)
    • 85, [3] s. :
    • b
    • Oznaczenie ilustracji (NP)
    • il. ;
    • c
    • Format (NP)
    • 24 cm.
336 -Typ zawartości [ , ]
    • a
    • Termin opisujący typ zawartości
    • Tekst
    • b
    • Kod określający zawartość
    • txt
    • 2
    • Źródło (terminu i kodu)
    • rdacontent
337 -Typ mediów [ , ]
    • a
    • Tryb odtwarzania
    • Bez urządzenia pośredniczącego
    • b
    • Kod typu mediów
    • n
    • 2
    • Źródło (terminu i kodu)
    • rdamedia
338 -Typ/rodzaj nośnika [ , ]
    • a
    • Hasło opisujące typ nośnika
    • Wolumin
    • b
    • Kod typu nośnika
    • nc
    • 2
    • Źródło (terminu i kodu)
    • rdacarrier
080 -Uniwersalna Klasyfikacja Dziesiętna [ , ]
    • a
    • Symbol klasyfikacji
    • 51-8
    • 2
    • Identyfikator wydania tablic
    • UDC-P058
    • 9
    • UKD
    • 4016
    • b
    • Dopowiedzenie
    • Gry i rozrywki matematyczne.
    • 4
    • UKD2
    • 13123
    • x
    • Poddział wspólny
    • (072)
    • c
    • Dopowiedzenie poddz. wspólnego
    • (Materiały do nauczania dla nauczycieli).
080 -Uniwersalna Klasyfikacja Dziesiętna [ , ]
    • a
    • Symbol klasyfikacji
    • 37.016:51
    • 2
    • Identyfikator wydania tablic
    • UDC-P058
    • 9
    • UKD
    • 9139
    • b
    • Dopowiedzenie
    • Nauczanie matematyki.
    • 4
    • UKD2
    • 13123
    • x
    • Poddział wspólny
    • (072)
    • c
    • Dopowiedzenie poddz. wspólnego
    • (Materiały do nauczania dla nauczycieli).
650 -Hasło przedmiotowe [ ,7]
    • a
    • Hasło przedmiotowe
    • Matematyka
    • x
    • Określnik rzeczowy
    • studia i nauczanie (początkowe).
    • 2
    • Źródło terminu
    • kaba
    • 9
    • KHW
    • 368609
650 -Hasło przedmiotowe [ ,7]
    • a
    • Hasło przedmiotowe
    • Gry matematyczne.
    • 2
    • Źródło terminu
    • kaba
    • 9
    • KHW
    • 110670
650 -Hasło przedmiotowe [ ,7]
    • a
    • Hasło przedmiotowe
    • Nauczanie początkowe
    • x
    • Określnik rzeczowy
    • metodologia.
    • 2
    • Źródło terminu
    • kaba
    • 9
    • KHW
    • 393661
980 -Symbol UKD [ , ]
    • a
    • UKD
    • 51-8:37.016:51](072)
710 -Hasło dodatkowe - nazwa ciała zbiorowego [2, ]
    • a
    • Nazwa ciała zbiorowego lub nazwa geograficzna jako pierwszy element (NP)
    • Polska Oficyna Wydawnicza BGW.
    • 4
    • Kod relacji
    • pbl
    • 9
    • KHW
    • 76933
920 -ISBN [ , ]
    • a
    • ISBN
    • 83-7066-008-8 Find
930 -NUKAT - Powiązanie tytułówki z wydaw. ciągłym [ , ]
    • a
    • Szukaj w serii
    • Uwaga NUKAT! W cz. egzemplarzy jest wkładka.
Numer inwentarzowy Status udost. Data inwentaryzacji Lokalizacja
Pd.732111994-10-04BG